[Event "IECC CL4-2001.07"]
[Site "IECC email"]
[Date "2001.03.05"]
[Round "?"]
[White "Lepeshev, Sergey"]
[Black "Searson, Brendan"]
[Result "1-0"]
[WhiteElo "1641"]
[BlackElo "1656"]
[PlyCount "61"]
[EventDate "2001.??.??"]
[EventType "tourn (corr)"]
[EventRounds "4"]
[SourceTitle "Corr 2008"]
[Source "ChessBase"]
[SourceDate "2008.06.24"]
[SourceVersion "1"]
[SourceVersionDate "2008.06.24"]
[SourceQuality "1"]

1. d4 Nf6 2. c4 d6 3. Nc3 Nbd7 4. e4 e5 5. Nf3 c6 6. g3 Be7 7. Bg2 0-0 8. 0-0 a6 9. h3 b5 10. c5 Bb7 11. cxd6 Bxd6 12. Qc2 Qc7 13. Bg5 Ne8 14. Rad1 g6 15. dxe5 Nxe5 16. Nxe5 Bxe5 17. Be3 Ng7 18. f4 Bxc3 19. Qxc3 Rfe8 20. f5 Nh5 21. g4 Ng3 22. Rf2 Nxe4 23. Bxe4 Qg3+ 24. Rg2 Qe5 25. Rd7 Qxc3 26. bxc3 Rxe4 27. Bh6 Rb8 28. fxg6 hxg6 29. Rf2 Bc8 30. Rd8+ Kh7 31. Bg5 1-0